| 000 | 00529pam a2200181 a 4500 | ||
|---|---|---|---|
| 020 |
_a0713418330 _c295.00 |
||
| 041 |
_aeng _hNULL |
||
| 082 |
_a617.3 _bDOW |
||
| 100 | _aDOWNIE, P . | ||
| 245 |
_aCASH`S TEXT BOOK OF ORTHOPAEDICS & RHEUMATOLOGY FOR PHYSIOTHERAPIES / _cNULL. _hTextual Documents |
||
| 260 |
_aNULL : _bJAYPEE BROTHERS MEDICAL PUB. , _c1993. |
||
| 300 |
_a638 : _bXIII ; _cNULL . |
||
| 365 |
_a295.00 _e4 |
||
| 907 |
_a4507 _a4508 _a4509 _a4510 |
||
| 930 | _a1791 | ||
| 999 |
_c796327 _d796327 |
||
| 650 | _aORTHO | ||